00640 2200205 4500001002100000005001500021035002000036007000300056008003900059082001000098084001600108100001600124245013000140260006500270300004500335650001100380650001400391022001300405990001600418INLIS00000000000099120240919103607 a0010-0924000069ta240919 | | |  a633.1 a633.1 YUL u0 aYulong Wang1 aUpland rice genomic signatures of adaptation to drought resistance and navigation to molecular design breeding /cYulong Wang aUnited States, Southampton :bJohn Wiley & Sons, Inc.,c2024 a662-677 hlm, :bilus, ;c21 cm X 29,5 cm 4aJurnal 4aPadi Gogo a14677652 a00000001070